00402nam a2200121 4500008001000000020001800010082001500028100003400043245003100077260007100108300003500179650006600214708 C993m a9789929813274 a708bC993m aLorenzana, Adrián (curador) aNancuz:bmagia y emociones aGuatemalabFundación Paiz para la Educación y la Culturac2017 a100 p.bill. (col)c33 x 23 cm xarte contemporáneoxarte - artistas individualesxGuatemala